00471nam a2200169Ia 4500003000400000008004100004040001600045082001900061100001800080245008700098260003700185300000900222650001600231650001300247650002000260650002100280GCL140319s9999 xx 000 0 eng d aGCL / cGCL04aCHb745.5bW I1 aWALTON, SALLY10aI CAN MAKE THINGS: HOW TO MAKE CRAFT PROJECTS FOR THE VERY YOUNG / cWALTON, SALLY a[S.N] : bLORENZ BOOKS ، c1995 a41 P04aHANDICRAFTS04aCHILDREN04aDECORATIVE ARTS04aCHILDREN - BOOKS